[Event "SK 1911 Herzogenaurach e.V. 1-SG SC Mühl"]
[Site "?"]
[Date "2012.12.02"]
[Round "4.8"]
[White "Habermann, Horst"]
[Black "Hetzner, Helmut"]
[Result "1/2-1/2"]
[WhiteElo "1726"]
[BlackElo "1802"]
[PlyCount "86"]
[EventDate "2012.??.??"]
[WhiteTeam "SK 1911 Herzogenaurach e.V. 1"]
[BlackTeam "SG SC Mühldorf/SK Schwabach 1"]

1. Nf3 Nf6 2. b3 g6 3. Bb2 Bg7 4. e3 c5 5. c4 O-O 6. d4 cxd4 7. Nxd4 Nc6 8. Be2
d5 9. O-O Nxd4 10. Bxd4 dxc4 11. Bxc4 Bg4 12. Be2 Bd7 13. Nd2 Rc8 14. Rc1 Rxc1
15. Qxc1 Qa5 16. Qb2 Rc8 17. Bf3 b5 18. Ne4 Ne8 19. Bxg7 Nxg7 20. b4 Qc7 21.
Nc5 Be6 22. Rd1 a5 23. a3 h6 24. Qd2 Bc4 25. Bb7 Re8 26. Bd5 axb4 27. axb4 Qe5
28. Bc6 Rc8 29. f4 Qc7 30. Bb7 Re8 31. Qd7 Qb6 32. Bc6 Rf8 33. Qb7 Rb8 34. Qxb6
Rxb6 35. Bd7 Rd6 36. Rxd6 exd6 37. Ne4 d5 38. Nc3 Nf5 39. Bxf5 gxf5 40. Kf2 Kf8
41. Kg3 Kg7 42. Kh4 Kg6 43. h3 h5 1/2-1/2

[Event "SG Siemens Erlangen e.V. 1-SC Uttenreuth"]
[Site "?"]
[Date "2012.12.02"]
[Round "4.1"]
[White "Spiegelhauer, Tilmann"]
[Black "Wohlfahrt, Frank"]
[Result "0-1"]
[WhiteElo "1847"]
[BlackElo "1976"]
[PlyCount "66"]
[EventDate "2012.??.??"]
[WhiteTeam "SC Uttenreuth e.V. 1"]
[BlackTeam "SG Siemens Erlangen e.V. 1"]

1. d4 Nf6 2. c4 d6 3. Nf3 Nbd7 4. Nc3 e5 5. d5 c6 6. e4 Be7 7. Be3 Ng4 8. Bd2
Qb6 9. Qe2 Qxb2 10. Rb1 Qa3 11. h3 Ngf6 12. g4 O-O 13. Nh4 g6 14. Rb3 Qa6 15.
Bg5 Nc5 16. Rb1 Qa5 17. Bd2 Ne8 18. Nf3 Kh8 19. Bg2 Ng7 20. O-O Qd8 21. Bh6 f5
22. Nh2 f4 23. f3 Rf7 24. Bxg7+ Kxg7 25. Rb2 Bh4 26. Rfb1 h5 27. Kf1 Bg3 28.
Kg1 hxg4 29. Nxg4 Qf8 30. Rf1 cxd5 31. cxd5 b6 32. a4 Ba6 33. Nb5 Nxa4 0-1

[Event "SG Siemens Erlangen e.V. 1-SC Uttenreuth"]
[Site "?"]
[Date "2012.12.02"]
[Round "4.2"]
[White "Fett, Helmut"]
[Black "Miederer, Karl"]
[Result "1/2-1/2"]
[WhiteElo "1769"]
[BlackElo "1837"]
[PlyCount "165"]
[EventDate "2012.??.??"]
[WhiteTeam "SG Siemens Erlangen e.V. 1"]
[BlackTeam "SC Uttenreuth e.V. 1"]

1. c4 e5 2. g3 Nc6 3. Bg2 Nf6 4. Nc3 Be7 5. Nf3 O-O 6. O-O Re8 7. d3 a6 8. Bg5
h6 9. Bd2 Bc5 10. e4 d6 11. h3 Bd7 12. Nd5 Nd4 13. Nxd4 Bxd4 14. Be3 Bxb2 15.
Rb1 Nxd5 16. exd5 Bd4 17. Bxd4 exd4 18. Rxb7 Qc8 19. Rb2 Bxh3 20. Qh5 Bg4 21.
Qh4 Be2 22. Re1 Bxd3 23. Rxe8+ Qxe8 24. Qxd4 Bf5 25. c5 Qe1+ 26. Kh2 Re8 27.
cxd6 cxd6 28. Qf4 Re5 29. Bf3 Be4 30. Rb8+ Kh7 31. Bxe4+ Qxe4 32. Qxe4+ Rxe4
33. Rb6 a5 34. Rxd6 Re2 35. Kg2 Rxa2 36. Ra6 a4 37. d6 Rd2 38. d7 Rxd7 39. Rxa4
Rd3 40. Rf4 f6 41. Re4 h5 42. Re7 Kg6 43. Rb7 Kh6 44. Rf7 Rd4 45. Kh3 Kg6 46.
Rb7 f5 47. Rb6+ Kh7 48. Rb7 f4 49. Rf7 fxg3 50. fxg3 Kg6 51. Rb7 Kf6 52. Rb6+
Kg5 53. Rb5+ Kh6 54. Rb6+ g6 55. Rc6 Rd5 56. Kh4 Rf5 57. Rb6 Rf1 58. Kh3 Kg5
59. Rb5+ Rf5 60. Rb6 Rf3 61. Rb5+ Kh6 62. Rb6 Kg7 63. Kh4 Rf1 64. Kg5 Rf5+ 65.
Kh4 Rf6 66. Rxf6 Kxf6 67. g4 hxg4 68. Kxg4 Kg7 69. Kg5 Kf7 70. Kg4 Kf6 71. Kf4
g5+ 72. Kg4 Kg6 73. Kg3 Kf5 74. Kf3 g4+ 75. Kg3 Kg5 76. Kg2 Kf4 77. Kf2 g3+ 78.
Kg2 Kg4 79. Kg1 Kf3 80. Kf1 Kg4 81. Kg2 Kh4 82. Kg1 Kh3 83. Kh1 1/2-1/2

[Event "SG Siemens Erlangen e.V. 1-SC Uttenreuth"]
[Site "?"]
[Date "2012.12.02"]
[Round "4.3"]
[White "Niedermaier, Barbara"]
[Black "Müller, Stefan"]
[Result "1-0"]
[WhiteElo "1837"]
[BlackElo "1909"]
[PlyCount "111"]
[EventDate "2012.??.??"]
[WhiteTeam "SC Uttenreuth e.V. 1"]
[BlackTeam "SG Siemens Erlangen e.V. 1"]

1. e4 e5 2. f4 exf4 3. Nf3 g5 4. Bc4 d6 5. O-O h5 6. d4 Be6 7. d5 Bg4 8. Qd4
Rh7 9. Bd3 Bxf3 10. Rxf3 Bg7 11. Qb4 Be5 12. Qxb7 Nd7 13. Nc3 g4 14. Rxf4 Bxf4
15. Bxf4 Nc5 16. Qb5+ Qd7 17. e5 Nxd3 18. Qxd3 Rg7 19. exd6 cxd6 20. Nb5 Rg6
21. Re1+ Kf8 22. c4 h4 23. Qa3 g3 24. Bxd6+ Kg7 25. hxg3 hxg3 26. Bxg3 Qg4 27.
Re3 Nf6 28. Qc3 Rh8 29. Rf3 Rhh6 30. Nd6 Kg8 31. Nf5 Ne4 32. Nxh6+ Rxh6 33. Qe5
Ng5 34. Rf2 f6 35. Qf4 Qh5 36. Bh2 Qg6 37. Kh1 Ne4 38. Rf3 f5 39. Rh3 Rxh3 40.
gxh3 Qh5 41. Qf1 Kf7 42. b4 Kf6 43. c5 Nc3 44. d6 Qe8 45. a3 Qc6+ 46. Qg2 Qa4
47. Be5+ Kxe5 48. Qg7+ Ke4 49. Qxc3 Qd1+ 50. Kg2 f4 51. Qc4+ Ke5 52. Qf1 Qd2+
53. Qf2 Qd5+ 54. Kh2 Kf5 55. c6 Ke4 56. Qc2+ 1-0

[Event "SG Siemens Erlangen e.V. 1-SC Uttenreuth"]
[Site "?"]
[Date "2012.12.02"]
[Round "4.4"]
[White "Pölsterl, Hans"]
[Black "Traut, Gerhard"]
[Result "1-0"]
[WhiteElo "1871"]
[BlackElo "1786"]
[PlyCount "79"]
[EventDate "2012.??.??"]
[WhiteTeam "SG Siemens Erlangen e.V. 1"]
[BlackTeam "SC Uttenreuth e.V. 1"]

1. c4 c5 2. Nc3 Nc6 3. g3 g6 4. Bg2 Bg7 5. e4 d6 6. Nge2 Nf6 7. d3 O-O 8. h3
Rb8 9. Be3 a6 10. Qd2 b5 11. Bh6 bxc4 12. Bxg7 Kxg7 13. dxc4 Ne5 14. b3 Bd7 15.
f4 Nc6 16. O-O h5 17. Rad1 Qc8 18. Kh2 Rd8 19. Nd5 Nh7 20. e5 e6 21. Nf6 d5 22.
cxd5 exd5 23. Nxh7 Kxh7 24. Qxd5 Kg8 25. Qxc5 Nb4 26. Qxc8 Rbxc8 27. Nc1 Bb5
28. Rxd8+ Rxd8 29. Rf2 Rd1 30. a4 Bxa4 31. bxa4 Rxc1 32. Re2 Ra1 33. e6 fxe6
34. Rxe6 Kf7 35. Rb6 Rxa4 36. Be4 Ra2+ 37. Kg1 Ra1+ 38. Kf2 Ra2+ 39. Ke1 Nc2+
40. Kd2 1-0

[Event "SG Siemens Erlangen e.V. 1-SC Uttenreuth"]
[Site "?"]
[Date "2012.12.02"]
[Round "4.5"]
[White "Rink, Florian"]
[Black "Kirsch, Heinrich"]
[Result "1-0"]
[WhiteElo "1821"]
[BlackElo "1795"]
[PlyCount "101"]
[EventDate "2012.??.??"]
[WhiteTeam "SC Uttenreuth e.V. 1"]
[BlackTeam "SG Siemens Erlangen e.V. 1"]

1. d4 Nf6 2. c4 b6 3. Nf3 Bb7 4. g3 e6 5. Bg2 c5 6. e3 d5 7. cxd5 Nxd5 8. O-O
Nc6 9. Nc3 Nxc3 10. bxc3 Na5 11. Re1 Be7 12. e4 O-O 13. Bf4 Nc4 14. d5 g5 15.
Nxg5 Bxg5 16. Qg4 f5 17. exf5 exf5 18. Qxg5+ Qxg5 19. Bxg5 Rae8 20. Bh6 Rxe1+
21. Rxe1 Rd8 22. Re7 Bxd5 23. Bxd5+ Rxd5 24. Rg7+ Kh8 25. Rxa7 Kg8 26. Rg7+ Kh8
27. Rf7 Rd8 28. Rxf5 Nd6 29. Rd5 Nf7 30. Rxd8+ Nxd8 31. Kf1 Nf7 32. Bf4 Kg7 33.
a4 Kf6 34. Bc7 Ke6 35. Bxb6 Kd5 36. Ke2 Kc4 37. a5 Kb5 38. Kd3 Ne5+ 39. Ke4 Ng4
40. Kd5 Nxf2 41. c4+ Ka6 42. Bxc5 Ng4 43. h3 Nf6+ 44. Ke5 Nd7+ 45. Kd6 Nf6 46.
Bd4 Ne4+ 47. Kd7 Nxg3 48. c5 Ne2 49. Be5 Nc1 50. c6 Nd3 51. Bd6 1-0

[Event "SG Siemens Erlangen e.V. 1-SC Uttenreuth"]
[Site "?"]
[Date "2012.12.02"]
[Round "4.7"]
[White "Meyer, Jürgen"]
[Black "Szabo, Sandor"]
[Result "1/2-1/2"]
[WhiteElo "1710"]
[BlackElo "1913"]
[PlyCount "53"]
[EventDate "2012.??.??"]
[WhiteTeam "SC Uttenreuth e.V. 1"]
[BlackTeam "SG Siemens Erlangen e.V. 1"]

1. d4 Nf6 2. Nf3 d6 3. e3 g6 4. Be2 Bg7 5. O-O O-O 6. c4 Nbd7 7. Nc3 Re8 8. Bd2
e5 9. dxe5 Nxe5 10. Rc1 c6 11. b3 Nfd7 12. Na4 Nc5 13. Nxc5 dxc5 14. Nxe5 Bxe5
15. Bc3 Bxc3 16. Rxc3 Qa5 17. Qc2 Qa3 18. Rd1 Qb4 19. Qb2 a5 20. a3 Qb6 21. a4
Be6 22. Rc2 Qc7 23. Rcd2 Ra6 24. Qf6 Qe7 25. Qc3 Rb6 26. Rd6 Rb4 27. R1d2
1/2-1/2

[Event "SG Siemens Erlangen e.V. 1-SC Uttenreuth"]
[Site "?"]
[Date "2012.12.02"]
[Round "4.8"]
[White "Neuländtner, Josef"]
[Black "Otto, Moritz"]
[Result "1/2-1/2"]
[WhiteElo "1662"]
[BlackElo "1730"]
[PlyCount "46"]
[EventDate "2012.??.??"]
[WhiteTeam "SG Siemens Erlangen e.V. 1"]
[BlackTeam "SC Uttenreuth e.V. 1"]

1. d4 f5 2. g3 e6 3. Nf3 d5 4. c4 c6 5. Qb3 Bd6 6. Bg2 Nf6 7. Nc3 Nbd7 8. O-O
O-O 9. Bd2 Kh8 10. Ne1 Ne4 11. Nxe4 fxe4 12. f3 exf3 13. Bxf3 dxc4 14. Qxc4 e5
15. Be3 exd4 16. Bxd4 Be5 17. Nd3 Nb6 18. Bxb6 Qxb6+ 19. Kg2 Qe3 20. Qh4 Bf5
21. Rad1 Bd4 22. g4 Be4 23. Qf2 Qxf2+ 1/2-1/2